New illustrated rock handbook
Uloženo v:
| Hlavní autoři: | , , , , , , , , , |
|---|---|
| Médium: | Kniha |
| Jazyk: | angličtina |
| Vydáno: |
Londres
Salamander Book Limited
1988
|
| Témata: | |
| Tagy: |
Přidat tag
Žádné tagy, Buďte první, kdo vytvoří štítek k tomuto záznamu!
|
MARC
| LEADER | 00000cam a2200000 a 4500 | ||
|---|---|---|---|
| 001 | UCF8017 | ||
| 003 | CL-VaPUC | ||
| 008 | 130718e19880000UK |||||||||||||||||eng|d | ||
| 020 | |a 0861013913 | ||
| 082 | 0 | 4 | |a 781.66 |b FRA |2 21 |
| 100 | 0 | |a Frame, Pete |e author |9 570091 | |
| 700 | 0 | |a Tobler, John |e author |9 570092 | |
| 700 | 0 | |a Hanel, Ed |e author |9 570093 | |
| 700 | 0 | |a St. Pierre, Roger |e author |9 570094 | |
| 700 | 0 | |a Trengove, Chris |e author |9 570095 | |
| 700 | 0 | |a Beecher, John |e author |9 570096 | |
| 700 | 0 | |a Richardson, Clive |e author |9 570097 | |
| 700 | 0 | |a Cooper, Gary |e author |9 570098 | |
| 700 | 0 | |a Hanlon, Marsha |e author |9 570099 | |
| 700 | 0 | |a Sandhal, Linda |e author |9 570100 | |
| 245 | 1 | 0 | |a New illustrated rock handbook |
| 300 | |a 208 p | ||
| 942 | |c BK | ||
| 945 | |d 20130718 00:00:00 |a dcastane | ||
| 260 | |a Londres |b Salamander Book Limited |c 1988 | ||
| 650 | 0 | |a Historia del rock |9 471724 | |
| 650 | 0 | |a Música popular |9 356085 | |
| 650 | 7 | |a CANTANTES |2 CL-VaPUC |9 416288 | |
| 650 | 7 | |a GRUPOS MUSICALES |2 CL-VaPUC |9 521019 | |
| 583 | |a last modification |c 20130718 10:54:00 |k Rodrigo Vera | ||
| 999 | |c 352703 |d 352701 | ||
| 952 | |0 0 |1 0 |4 0 |6 781_660000000000000_FRA_1988 |7 0 |8 R |9 457311 |a BIBEDU |b BIBEDU |d 2019-11-22 |i 4989805 |o 781.66 FRA 1988 |p 4989805 |r 2023-01-12 |w 2019-11-22 |y BK_R |k MUS | ||